<?xml version="1.0" encoding="UTF-8"?>
<collection xmlns="http://www.loc.gov/MARC21/slim">
 <record>
  <leader>01489ntm a22003375a 4500</leader>
  <controlfield tag="001">EUN.eunm006090</controlfield>
  <controlfield tag="008">151104s2015####ag#######bm###000#0#spa#d</controlfield>
  <controlfield tag="005">20200729171119.0</controlfield>
  <datafield tag="245" ind1="1" ind2="0">
   <subfield code="a">Quistes de dinoflagelados del Eoceno del sudoeste de Santa Cruz :</subfield>
   <subfield code="b">análisis bioestratigráfico y paleoambiental /</subfield>
   <subfield code="c">María Sol González Estebenet.</subfield>
  </datafield>
  <datafield tag="260" ind1=" " ind2=" ">
   <subfield code="c">2015.</subfield>
  </datafield>
  <datafield tag="300" ind1=" " ind2=" ">
   <subfield code="a">viii, 170 p. :</subfield>
   <subfield code="b">il. col. ;</subfield>
   <subfield code="c">30 cm.</subfield>
  </datafield>
  <datafield tag="500" ind1=" " ind2=" ">
   <subfield code="a">&quot;Tesis de Doctora en Biología&quot;.</subfield>
  </datafield>
  <datafield tag="500" ind1=" " ind2=" ">
   <subfield code="a">Director de tesis: Gladys Raquel Guerstein; y co-director: Noelia Carmona.</subfield>
  </datafield>
  <datafield tag="502" ind1=" " ind2=" ">
   <subfield code="a">Tesis (doctoral)--Universidad Nacional del Sur. Departamento de Biología, Bioquímica y Farmacia, 2015.</subfield>
  </datafield>
  <datafield tag="504" ind1=" " ind2=" ">
   <subfield code="a">Incluye referencias bibliográficas.</subfield>
  </datafield>
  <datafield tag="530" ind1=" " ind2=" ">
   <subfield code="a">Disponible también en formato digital.</subfield>
  </datafield>
  <datafield tag="100" ind1="1" ind2=" ">
   <subfield code="a">González Estebenet, María Sol.</subfield>
   <subfield code="4">dis</subfield>
  </datafield>
  <datafield tag="700" ind1="1" ind2=" ">
   <subfield code="a">Guerstein, Gladys Raquel.</subfield>
   <subfield code="4">ths</subfield>
  </datafield>
  <datafield tag="700" ind1="1" ind2=" ">
   <subfield code="a">Carmona, Noelia.</subfield>
   <subfield code="4">ths</subfield>
  </datafield>
  <datafield tag="710" ind1="2" ind2=" ">
   <subfield code="a">Universidad Nacional del Sur.</subfield>
   <subfield code="b">Departamento de Biología, Bioquímica y Farmacia</subfield>
   <subfield code="4">dgg.</subfield>
  </datafield>
  <datafield tag="082" ind1="0" ind2="4">
   <subfield code="a">040</subfield>
   <subfield code="2">15</subfield>
  </datafield>
  <datafield tag="082" ind1="0" ind2="4">
   <subfield code="a">551.7</subfield>
   <subfield code="2">15</subfield>
  </datafield>
  <datafield tag="653" ind1=" " ind2=" ">
   <subfield code="a">Quistes de dinoflagelados</subfield>
  </datafield>
  <datafield tag="653" ind1=" " ind2=" ">
   <subfield code="a">Cuenca Austral</subfield>
  </datafield>
  <datafield tag="653" ind1=" " ind2=" ">
   <subfield code="a">Eoceno</subfield>
  </datafield>
  <datafield tag="653" ind1=" " ind2=" ">
   <subfield code="a">Bioestratigrafía</subfield>
  </datafield>
  <datafield tag="653" ind1=" " ind2=" ">
   <subfield code="a">Paleoambiente</subfield>
  </datafield>
  <datafield tag="653" ind1=" " ind2=" ">
   <subfield code="a">Era Cenozoica</subfield>
  </datafield>
  <datafield tag="856" ind1="4" ind2="1">
   <subfield code="3">Texto completo</subfield>
   <subfield code="u">http://repositoriodigital.uns.edu.ar/handle/123456789/2495</subfield>
  </datafield>
  <datafield tag="859" ind1=" " ind2=" ">
   <subfield code="a">AR-BaUNS</subfield>
   <subfield code="b">BIB. CENTRAL - Tesis</subfield>
   <subfield code="h">040</subfield>
   <subfield code="i">B148 2015-1397</subfield>
   <subfield code="k">R</subfield>
   <subfield code="p">125288/015</subfield>
  </datafield>
  <datafield tag="859" ind1=" " ind2=" ">
   <subfield code="a">AR-BaUNS</subfield>
   <subfield code="b">BIB. CENTRAL - Sector A - Tesis</subfield>
   <subfield code="h">040</subfield>
   <subfield code="i">B148 2015-1397</subfield>
   <subfield code="p">125289/015</subfield>
  </datafield>
 </record>
</collection>
